[Event "DRUZYNOWE MISTRZOSTWA POLSKI - I LIGA"]
[Site "Ustron"]
[Date "1899-12-30"]
[Round "3.25"]
[White "Maciejczak, Jakub"]
[Black "Ponizil, Cyril"]
[Result "0-1"]
[WhiteTitle "FM"]
[BlackTitle "IM"]
[WhiteElo "2371"]
[BlackElo "2507"]

1. e4 c5 2. Nc3 Nc6 3. g3 g6 4. Bg2 Bg7 5. d3 e6 6. Be3 d6 7. Qd2 Rb8 8. f4 Nge7
9. Nf3 Nd4 10. O-O O-O 11. Nh4 b5 12. Nd1 f5 13. c3 Ndc6 14. exf5 gxf5 15. Bf2
b4 16. Re1 bxc3 17. bxc3 Qa5 18. Nf3 Bd7 19. d4 cxd4 20. Nxd4 Nxd4 21. Bxd4 Bxd4+
22. Qxd4 Qb6 23. Qxb6 Rxb6 24. c4 Kf7 25. Ne3 Rc8 26. Rad1 Rc5 27. Rd2 Ba4 28.
h3 Ng6 29. Kf2 Ra5 30. Bf3 Bd7 31. Bd1 Kf6 32. Bb3 Rc5 33. Bd1 Bc8 34. Bb3 a5
35. Nd1 Bd7 36. Nb2 Rc7 37. Re3 Ra6 38. Bd1 Ne7 39. Red3 d5 40. cxd5 Nxd5 41.
Bf3 Bc6 42. Ra3 Nb4 43. Be2 Raa7 44. Nc4 Bd5 45. Ne3 Be4 46. Nc4 Rc5 47. Ne3 Rac7
48. Rd4 Rc3 49. Rxc3 Rxc3 50. Nc4 Rc2 51. a3 Nd3+ 52. Ke3 Nc5 53. Nxa5 Rc3+ 54.
Kf2 Bd5 55. g4 Ne4+ 56. Kg1 Rg3+ 57. Kf1 Rxa3 58. Nc4 Ra1+ 59. Kg2 Ra2 60. Kf3
Nc3+ 0-1

[Event "DRUZYNOWE MISTRZOSTWA POLSKI - I LIGA"]
[Site "Ustron"]
[Date "1899-12-30"]
[Round "4.1"]
[White "Kolago, Marcin"]
[Black "Ponizil, Cyril"]
[Result "1-0"]
[WhiteTitle "m"]
[BlackTitle "IM"]
[WhiteElo "2342"]
[BlackElo "2507"]

1. g3 Nf6 2. Bg2 d5 3. d3 g6 4. Nf3 Bg7 5. O-O O-O 6. Nbd2 c5 7. e4 Nc6 8. Re1
b6 9. c3 Bb7 10. exd5 Nxd5 11. Nc4 Qc7 12. Qb3 Rad8 13. a4 h6 14. a5 Nxa5 15.
Nxa5 bxa5 16. Qa3 e5 17. Qxa5 Nb6 18. Rd1 c4 19. d4 exd4 20. cxd4 Bd5 21. Be3
Qc6 22. Ne1 Rd7 23. Bh3 f5 24. Bf4 Re8 25. Nc2 Bf3 26. Re1 Rxe1+ 27. Rxe1 Be4
28. Nb4 Qb7 29. Be5 Bf8 30. Bf1 Kh7 31. Rc1 Bf3 32. Qb5 h5 33. Ra1 h4 34. Na6
Bc6 35. Qa5 Rf7 36. Qd2 Bh6 37. Qb4 f4 38. Qd6 fxg3 39. hxg3 hxg3 40. Bxg3 Bf8
41. Qd8 Be7 42. Qc7 Bf6 43. Qxb7 Bxb7 44. Be5 Bxe5 45. dxe5 Bd5 46. Nb4 Be6 47.
Nc6 Kh6 48. Nxa7 Rf5 49. Ra6 Rg5+ 50. Kh2 Rh5+ 51. Kg3 Rg5+ 52. Kf3 Rf5+ 53. Ke4
Rxf2 54. Rxb6 Bf5+ 55. Kd5 Rxf1 56. Nb5 Rb1 57. Nd4 Bd3 58. e6 Re1 59. Kd6 g5
60. e7 Kg7 61. Rb8 Bg6 62. Ne6+ 1-0

[Event "DRUZYNOWE MISTRZOSTWA POLSKI - I LIGA"]
[Site "Ustron"]
[Date "1899-12-30"]
[Round "4.6"]
[White "Lach, Aleksandra"]
[Black "Marcinczyk, Monika"]
[Result "1/2-1/2"]
[WhiteTitle "WIM"]
[BlackTitle "WCM"]
[WhiteElo "2188"]
[BlackElo "1934"]

1. e4 c5 2. Nf3 g6 3. d4 cxd4 4. Nxd4 Nc6 5. c4 Bg7 6. Be3 Nf6 7. Nc3 d6 8. Be2
O-O 9. O-O Bd7 10. h3 Nxd4 11. Bxd4 Bc6 12. Qc2 a5 13. Rad1 Nd7 14. Bxg7 Kxg7
15. Bg4 Ne5 16. c5 Nxg4 17. hxg4 Qc8 18. cxd6 exd6 19. f3 Rd8 20. Rf2 Qe6 21.
Nd5 Rac8 22. Qc3+ Qe5 23. Qxa5 Ra8 24. Qb4 Ra4 25. Qb6 Rda8 26. Nc3 Rc4 27. Qc7
Rd4 28. Rfd2 Rxd2 29. Rxd2 Qc5+ 30. Kh2 Qg5 31. Qxd6 Qh4+ 32. Kg1 1/2-1/2

[Event "DRUZYNOWE MISTRZOSTWA POLSKI - I LIGA"]
[Site "Ustron"]
[Date "1899-12-30"]
[Round "4.7"]
[White "Szwed, Jacek"]
[Black "Maciejczak, Jakub"]
[Result "0-1"]
[WhiteTitle "FM"]
[BlackTitle "FM"]
[WhiteElo "2380"]
[BlackElo "2371"]

1. e4 d6 2. d4 g6 3. Nc3 Bg7 4. Be3 c6 5. Qd2 b5 6. O-O-O Nd7 7. h4 h5 8. e5 dxe5
9. dxe5 Bxe5 10. Ne4 Ngf6 11. Bd3 Nd5 12. Bg5 Qc7 13. Ne2 Bg7 14. Nf4 Nxf4 15.
Bxf4 Be5 16. Bg5 Nb6 17. Rhe1 O-O 18. Nc5 Nd5 19. Be4 Rd8 20. Nd3 Bf6 21. Bxd5
cxd5 22. Bxf6 exf6 23. Qf4 Qb6 24. Re7 Bf5 25. Qc7 Qxc7 26. Rxc7 Rdc8 27. Rb7
a6 28. Rd2 Rc4 29. g3 Rac8 30. Kd1 Bg4+ 31. Kc1 Bf5 32. Kd1 Bg4+ 33. Kc1 Bf5 34.
Kd1 g5 35. hxg5 fxg5 36. Ne5 Bxc2+ 37. Ke1 Re4+ 38. Re2 Rxe2+ 39. Kxe2 Re8 40.
f4 f6 41. Kd2 fxe5 42. Kxc2 exf4 43. gxf4 g4 44. Rd7 g3 45. Rxd5 Re7 46. f5 g2
0-1

[Event "DRUZYNOWE MISTRZOSTWA POLSKI - I LIGA"]
[Site "Ustron"]
[Date "1899-12-30"]
[Round "4.8"]
[White "Janaszak, Dawid"]
[Black "Zylka, Stanislaw"]
[Result "1-0"]
[WhiteTitle "FM"]
[BlackTitle "FM"]
[WhiteElo "2356"]
[BlackElo "2377"]

1. d4 d5 2. Nf3 Nf6 3. Bf4 c5 4. e3 cxd4 5. exd4 Nc6 6. Nbd2 Bf5 7. c3 e6 8. Qb3
Qc8 9. Nh4 Bg6 10. Nxg6 hxg6 11. Bd3 Nh5 12. Be3 Bd6 13. O-O-O a6 14. Kb1 b5 15.
Qc2 Qb7 16. Nb3 Nf6 17. h4 a5 18. Ka1 a4 19. Nc5 Bxc5 20. dxc5 b4 21. cxb4 Nxb4
22. Qc3 Nc6 23. Bf4 O-O 24. Bd6 Rfe8 25. h5 gxh5 26. g4 a3 27. bxa3 d4 28. Qc1
Nxg4 29. Rxh5 f5 30. Bxf5 Nf6 31. Rh3 Kf7 32. Bg6+ Kxg6 33. Rg1+ Kf7 34. Rxg7+
Kxg7 35. Qg5+ Kf7 36. Rh6 Re7 37. Qg6+ Kf8 38. Rh8+ Ke8 1-0

[Event "DRUZYNOWE MISTRZOSTWA POLSKI - I LIGA"]
[Site "Ustron"]
[Date "1899-12-30"]
[Round "4.13"]
[White "Cukrowski, Filip"]
[Black "Kuzmicz, Krystian"]
[Result "1/2-1/2"]
[WhiteTitle "FM"]
[BlackTitle "IM"]
[WhiteElo "2406"]
[BlackElo "2468"]

1. e4 e6 2. d4 d5 3. Nd2 dxe4 4. Nxe4 Bd7 5. Nf3 Bc6 6. Bd3 Nd7 7. Qe2 Ngf6 8.
Ng3 Bxf3 9. Qxf3 c6 10. O-O Bd6 11. Re1 O-O 12. c3 Re8 13. Bg5 Qa5 14. h4 h6 15.
Bd2 Qc7 16. Ne4 Nxe4 17. Rxe4 Nf6 18. Re2 e5 19. Rae1 exd4 20. Bxh6 Rxe2 21. Rxe2
dxc3 22. bxc3 Qa5 23. Bg5 Qd5 24. Bxf6 Qxf3 25. gxf3 gxf6 26. Rb2 b5 27. c4 b4
28. Be4 Rc8 29. Rd2 Rd8 30. Kg2 c5 31. f4 Be7 32. Rxd8+ Bxd8 33. f5 Bc7 1/2-1/2

[Event "DRUZYNOWE MISTRZOSTWA POLSKI - I LIGA"]
[Site "Ustron"]
[Date "1899-12-30"]
[Round "4.14"]
[White "Butkiewicz, Lukasz"]
[Black "Pacan-milej, Kosma"]
[Result "1/2-1/2"]
[WhiteTitle "IM"]
[BlackTitle "FM"]
[WhiteElo "2393"]
[BlackElo "2420"]

1. d4 Nf6 2. c4 c5 3. d5 b5 4. cxb5 a6 5. e3 g6 6. Nc3 Bg7 7. Nf3 O-O 8. a4 d6
9. Bd2 Bb7 10. Qb3 Nbd7 11. e4 c4 12. Bxc4 Nc5 13. Qc2 axb5 14. Bxb5 Rc8 15. Bd3
Nxd3+ 16. Qxd3 Nd7 17. O-O Nc5 18. Qe3 Ba6 19. Rfb1 Nb3 20. Ra3 Nxd2 21. Qxd2
Rc4 22. Re1 Qc7 23. Raa1 Qb8 24. Rac1 Rfc8 25. h3 h6 26. Rc2 R8c5 27. Qe3 Rb4
28. e5 Kh7 29. exd6 exd6 30. Qc1 Bd3 31. Rd2 Bf5 32. Kh2 Qc8 33. Rde2 Bf6 34.
Qd2 Qb7 35. Nb5 Rxb2 36. Qf4 Rxe2 37. Rxe2 Rxd5 38. g4 Bd3 39. Re3 Bg7 40. Kg2
Be5 41. Nxe5 Rxe5+ 42. Kh2 Bxb5 43. axb5 Rxb5 44. Qf6 Re5 1/2-1/2

[Event "DRUZYNOWE MISTRZOSTWA POLSKI - I LIGA"]
[Site "Ustron"]
[Date "1899-12-30"]
[Round "4.15"]
[White "Licznerski, Lukasz"]
[Black "Luch, Michal"]
[Result "0-1"]
[WhiteTitle "FM"]
[BlackTitle "IM"]
[WhiteElo "2377"]
[BlackElo "2389"]

1. e4 Nf6 2. e5 Nd5 3. d4 d6 4. c4 Nb6 5. exd6 cxd6 6. Nc3 g6 7. Be3 Bg7 8. Rc1
O-O 9. b3 Bf5 10. Be2 d5 11. Bf3 Nc6 12. c5 e5 13. dxe5 Nd7 14. Be2 Ndxe5 15.
f4 d4 16. fxe5 dxe3 17. Nf3 Qa5 18. O-O Nxe5 19. b4 Qxb4 20. Nd5 Nxf3+ 21. Rxf3
Qh4 22. Rc4 Qd8 23. Rxf5 gxf5 24. Qd3 Re8 25. Rf4 Rc8 26. Rxf5 Rxc5 27. g3 Qa5
28. Kg2 Qd2 29. Nf6+ Bxf6 30. Rxc5 Qxd3 31. Bxd3 e2 0-1

[Event "DRUZYNOWE MISTRZOSTWA POLSKI - I LIGA"]
[Site "Ustron"]
[Date "1899-12-30"]
[Round "4.16"]
[White "Brodowski, Piotr"]
[Black "Godzwon, Iwo"]
[Result "0-1"]
[WhiteTitle "IM"]
[BlackTitle "FM"]
[WhiteElo "2446"]
[BlackElo "2317"]

1. d4 Nf6 2. Bg5 e6 3. Nd2 h6 4. Bh4 d5 5. e3 Nbd7 6. c3 c5 7. Ngf3 Bd6 8. Bd3
b6 9. O-O O-O 10. Qe2 Bb7 11. Rad1 Qc7 12. e4 c4 13. Bb1 dxe4 14. Nxe4 Nxe4 15.
Bxe4 Bxe4 16. Qxe4 Rae8 17. Bg3 Bxg3 18. hxg3 Rc8 19. Rfe1 Rfd8 20. Qh4 Nf8 21.
Ne5 Rd5 22. Qe4 Rcd8 23. Qf3 b5 24. a4 bxa4 25. Ra1 f6 26. Ng4 Ra5 27. Ra2 Rb8
28. Rea1 a3 29. Rxa3 Rxa3 30. bxa3 Rb3 31. d5 Qb7 32. Ne3 Rxc3 33. Qe4 Qb2 34.
Rd1 Qe2 35. Rb1 Qd3 36. Qxd3 cxd3 37. Kf1 exd5 38. Nxd5 Rxa3 39. Ke1 Ne6 40. Rb7
Ra1+ 41. Kd2 Ra2+ 42. Ke3 Nc5 43. Rc7 Re2+ 44. Kf3 Ne6 45. Rd7 Ng5+ 46. Kg4 Rxf2
47. Ne7+ Kh7 48. Rxd3 Rxg2 49. Rd7 Rf2 50. Rxa7 Nf7 51. Nd5 h5+ 52. Kxh5 Ne5 53.
Nxf6+ Rxf6 54. g4 Rh6+ 55. Kg5 Rg6+ 56. Kh5 Nf3 0-1

[Event "DRUZYNOWE MISTRZOSTWA POLSKI - I LIGA"]
[Site "Ustron"]
[Date "1899-12-30"]
[Round "4.17"]
[White "Kowalczyk, Pawel"]
[Black "Skawinski, Arkadiusz"]
[Result "1/2-1/2"]
[WhiteTitle "m"]
[BlackTitle "FM"]
[WhiteElo "2339"]
[BlackElo "2384"]

1. d4 d5 2. Nf3 Nf6 3. c4 e6 4. Nc3 c6 5. g3 dxc4 6. Bg2 Nbd7 7. O-O b5 8. e4 b4
9. e5 bxc3 10. exf6 cxb2 11. fxg7 Bxg7 12. Bxb2 Qa5 13. Qc2 O-O 14. Rfe1 Ba6 15.
Bc3 Qc7 16. Re4 Rfe8 17. Rae1 Rad8 18. Rh4 Nf8 19. Rh5 f6 20. Ra5 Bb7 21. Rxa7
Ra8 22. Rxa8 Rxa8 23. Bb4 c5 24. Qxc4 Bd5 25. Qxc5 Qb7 26. Nh4 Bxg2 27. Nxg2 Rc8
28. Qa5 Ra8 29. Qc5 Rc8 1/2-1/2

[Event "DRUZYNOWE MISTRZOSTWA POLSKI - I LIGA"]
[Site "Ustron"]
[Date "1899-12-30"]
[Round "4.19"]
[White "Szpar, Milosz"]
[Black "Plichta, Kamil"]
[Result "1/2-1/2"]
[WhiteTitle "FM"]
[BlackTitle "FM"]
[WhiteElo "2397"]
[BlackElo "2383"]

1. e4 e6 2. d4 d5 3. Nc3 Bb4 4. exd5 exd5 5. Bd3 Nf6 6. Bg5 O-O 7. Qf3 h6 8. Bxf6
Qxf6 9. Qxf6 gxf6 10. Nge2 c6 11. Ng3 Be6 12. O-O c5 13. Nh5 Nd7 14. Bb5 Bxc3
15. bxc3 Bg4 16. Bxd7 Bxh5 17. dxc5 Rad8 18. Bh3 Rfe8 19. Rfb1 Re7 20. Rb5 Be2
21. Re1 Rde8 22. Rbb1 Ba6 23. Rxe7 Rxe7 24. g3 Rc7 25. Bf1 Rxc5 26. Bxa6 bxa6
27. Rb3 a5 28. Ra3 Kf8 29. Kf1 a4 30. Rxa4 Rxc3 31. Rxa7 Rxc2 1/2-1/2

[Event "DRUZYNOWE MISTRZOSTWA POLSKI - I LIGA"]
[Site "Ustron"]
[Date "1899-12-30"]
[Round "4.20"]
[White "Lewtak, Damian"]
[Black "Mis, Mieszko"]
[Result "1/2-1/2"]
[WhiteTitle "IM"]
[BlackTitle "FM"]
[WhiteElo "2377"]
[BlackElo "2350"]

1. Nf3 Nf6 2. g3 d5 3. Bg2 e6 4. O-O Be7 5. d3 c5 6. Nbd2 Nc6 7. e4 Qc7 8. Re1
h6 9. c3 b6 10. exd5 Nxd5 11. c4 Nf6 12. d4 Bb7 13. dxc5 Bxc5 14. Nb3 Bb4 15.
Bf4 Qe7 16. Re2 O-O 17. a3 Rfd8 18. Qc2 Bd6 19. Bxd6 Rxd6 20. c5 Rdd8 21. cxb6
axb6 22. Rd1 Rdc8 23. Qd2 Na5 24. Nbd4 Ba6 25. Ree1 Nc4 26. Qc1 Bb7 27. Re2 Be4
28. Qf4 Qb7 29. Ne1 Bxg2 30. Nxg2 e5 31. Qf3 Qd7 32. Rc2 Nxb2 33. Rxb2 exd4 34.
Rxb6 Nd5 35. Rb3 Ra4 36. Nh4 Qe6 37. Nf5 Nc3 38. Qg4 g6 39. Ne7+ Kg7 40. Qxe6
fxe6 41. Nxc8 Nxd1 42. Nb6 Ra6 1/2-1/2

[Event "DRUZYNOWE MISTRZOSTWA POLSKI - I LIGA"]
[Site "Ustron"]
[Date "1899-12-30"]
[Round "4.21"]
[White "Kozak, Antoni"]
[Black "Budrewicz, Krzysztof"]
[Result "0-1"]
[WhiteTitle "m"]
[BlackTitle "m"]
[WhiteElo "2347"]
[BlackElo "2227"]

1. d4 Nf6 2. c4 g6 3. Nc3 Bg7 4. e4 d6 5. Nf3 O-O 6. h3 c5 7. d5 a6 8. a4 e6 9.
Bd3 Nbd7 10. Be3 e5 11. g4 Kh8 12. Nd2 Ng8 13. h4 Ndf6 14. Be2 Ne8 15. Nf1 f5
16. h5 f4 17. hxg6 Ne7 18. Rxh7+ Kg8 19. Bc1 Nxg6 20. Rh3 Nf6 21. f3 Bd7 22. a5
b6 23. axb6 Qxb6 24. Ra3 Nh8 25. Qd3 Nf7 26. Bd1 Ng5 27. Rh2 Kf7 28. b3 Rg8 29.
Raa2 Bf8 30. Kd2 Be7 31. Kc2 Rab8 32. Kb1 Rh8 33. Rxh8 Rxh8 34. Rh2 Rxh2 35. Nxh2
Qb8 36. Qe2 Qh8 37. Qg2 Bd8 38. Bd2 Ba5 39. Be1 Bb4 40. Nf1 Kg6 41. Kc2 a5 42.
Kd3 Qb8 43. Qh2 a4 44. bxa4 Bxc3 45. Bxc3 Bxa4 46. Bxa4 Qb1+ 47. Ke2 Nxf3 48.
Nd2 Ng1+ 49. Kf2 Nxg4+ 50. Kg2 Qe1 51. Qxg1 Qg3+ 52. Kf1 Ne3+ 53. Qxe3 fxe3 54.
Ke2 Qf2+ 55. Kd3 e2 56. Bb5 e1=N# 57. Kd4 0-1

[Event "DRUZYNOWE MISTRZOSTWA POLSKI - I LIGA"]
[Site "Ustron"]
[Date "1899-12-30"]
[Round "4.26"]
[White "Jakubiec, Artur"]
[Black "Chylewski, Patryk"]
[Result "1/2-1/2"]
[WhiteTitle "GM"]
[BlackTitle "FM"]
[WhiteElo "2463"]
[BlackElo "2324"]

1. Nf3 Nf6 2. g3 d5 3. Bg2 c6 4. O-O Bg4 5. b3 Nbd7 6. Bb2 e6 7. d3 Bd6 8. Nbd2
O-O 9. h3 Bh5 10. Qe1 e5 11. Nh4 Re8 12. e4 dxe4 13. dxe4 Qc7 14. Nc4 Bf8 15.
Kh1 b5 16. Ne3 Nc5 17. f3 Nfd7 18. a4 bxa4 19. b4 Nb7 20. Rxa4 a5 21. bxa5 Rxa5
22. Rxa5 Nxa5 1/2-1/2

[Event "DRUZYNOWE MISTRZOSTWA POLSKI - I LIGA"]
[Site "Ustron"]
[Date "1899-12-30"]
[Round "4.28"]
[White "Szoen, Dariusz"]
[Black "Praczukowski, Stanislaw"]
[Result "1-0"]
[WhiteTitle "IM"]
[BlackTitle "k"]
[WhiteElo "2407"]
[BlackElo "2173"]

1. e4 c5 2. Nc3 Nc6 3. Bb5 Nd4 4. Bc4 e6 5. Nge2 a6 6. a4 Nf6 7. O-O d5 8. exd5
exd5 9. Ba2 Bd6 10. d3 Ne6 11. Ng3 Be7 12. Nf5 d4 13. Nxe7 Qxe7 14. Nd5 Nxd5 15.
Bxd5 Qf6 16. f4 g6 17. Qf3 O-O 18. f5 Qxf5 19. Qxf5 gxf5 20. Rxf5 Kg7 21. Bd2
f6 22. Rh5 Kg6 23. Rh6+ Kg7 24. Re1 Re8 25. Rf1 Rf8 26. Rh3 Rf7 27. Rg3+ Kh8 28.
Re1 Re7 29. Bh6 Bd7 30. Rf3 Bc6 31. Bxc6 bxc6 32. Rxf6 Rae8 33. Rf5 Kg8 34. b3
Rf7 35. Rg5+ Kh8 36. Rxc5 1-0

[Event "DRUZYNOWE MISTRZOSTWA POLSKI - I LIGA"]
[Site "Ustron"]
[Date "1899-12-30"]
[Round "4.30"]
[White "Kubicka, Anna"]
[Black "Moscicka, Pola"]
[Result "1-0"]
[WhiteTitle "WIM"]
[BlackTitle "k++"]
[WhiteElo "2264"]
[BlackElo "1880"]

1. e4 c5 2. Nf3 Nc6 3. d4 cxd4 4. Nxd4 Nf6 5. Nc3 d6 6. Bg5 e6 7. Qd2 a6 8. O-O-O
Bd7 9. Kb1 b5 10. Nxc6 Bxc6 11. f3 Be7 12. Bxf6 gxf6 13. Bd3 Qb6 14. f4 a5 15.
f5 b4 16. Ne2 e5 17. Ng3 a4 18. Bc4 Qc5 19. Bd5 Rc8 20. Bxc6+ Rxc6 21. Qe2 Kd7
22. Rd5 Qa7 23. Rb5 Rb8 24. Rxb8 Qxb8 25. Qd3 Rc5 26. Rd1 Qb7 27. Nf1 Qc6 28.
Ne3 a3 29. Nd5 axb2 30. Kxb2 Rb5 31. Qb3 Ke8 32. Rd3 Bd8 33. Rg3 Kf8 34. Rh3 Qc5
35. Qe3 Qc4 36. Rxh7 Ke8 37. Qa7 Qd4+ 38. Qxd4 exd4 39. Rh8+ Kd7 40. Rf8 Ba5 41.
Rxf7+ Kc6 42. Rxf6 Kxd5 1-0

[Event "DRUZYNOWE MISTRZOSTWA POLSKI - I LIGA"]
[Site "Ustron"]
[Date "1899-12-30"]
[Round "5.1"]
[White "Pakleza, Zbigniew"]
[Black "Kolago, Marcin"]
[Result "1-0"]
[WhiteTitle "GM"]
[BlackTitle "m"]
[WhiteElo "2503"]
[BlackElo "2342"]

1. e4 d5 2. exd5 Qxd5 3. Nf3 g6 4. d4 Bg7 5. Be2 Nh6 6. O-O O-O 7. c3 Nf5 8. Na3
c5 9. Nb5 Na6 10. dxc5 Qxc5 11. g4 Nd6 12. Be3 Qc6 13. Nxd6 Qxd6 14. Qxd6 exd6
15. Nd4 Bd7 16. Rfd1 Rfd8 17. Bf3 Nc7 18. Rd2 d5 19. Rad1 Bf6 20. g5 Be7 21. h4
Ba4 22. Nb3 Bc6 23. Na5 h6 24. Bg2 hxg5 25. hxg5 Ba4 26. b3 Bc6 27. a4 Kf8 28.
f4 Ke8 29. Kf2 f6 30. Rh1 fxg5 31. fxg5 Ne6 32. Re2 Kf7 33. Rh7+ Ng7 34. Bd4 Bf8
35. b4 a6 36. Bf3 Rab8 37. Bf6 Re8 38. Rxe8 Rxe8 39. b5 axb5 40. axb5 Kg8 41.
Rh6 Bxb5 42. Bxd5+ Ne6 43. Rh8+ Kf7 44. Rh7+ Kg8 45. Rxb7 Ba6 46. Rc7 Bd3 47.
Rc8 1-0

[Event "DRUZYNOWE MISTRZOSTWA POLSKI - I LIGA"]
[Site "Ustron"]
[Date "1899-12-30"]
[Round "5.3"]
[White "Olsen, Filip Boe"]
[Black "Rawicz, Karol"]
[Result "1-0"]
[WhiteTitle "IM"]
[BlackTitle "FM"]
[WhiteElo "2351"]
[BlackElo "2225"]

1. d4 Nf6 2. c4 e6 3. Nf3 d5 4. g3 dxc4 5. Bg2 Nc6 6. O-O a6 7. e3 Bd7 8. Qe2 Rb8
9. Qxc4 Bd6 10. Rd1 Qe7 11. Bd2 O-O 12. a3 Rfe8 13. Nc3 e5 14. b4 e4 15. Ne1 h5
16. Qf1 h4 17. b5 axb5 18. Nxb5 Ra8 19. Nc2 Bg4 20. Rdb1 Qd7 21. Nxd6 cxd6 22.
Qb5 h3 23. Bf1 Ra7 24. Nb4 Rea8 25. Nd5 Nxd5 26. Qxd5 Rxa3 27. Rxa3 Rxa3 28. Rc1
Qe6 29. Qb5 Qf6 30. Qxb7 Ra2 31. Be1 Nxd4 32. exd4 Qf3 33. Rc3 Qd1 34. Qxe4 1-0

[Event "DRUZYNOWE MISTRZOSTWA POLSKI - I LIGA"]
[Site "Ustron"]
[Date "1899-12-30"]
[Round "5.4"]
[White "Klepek, Witold"]
[Black "Szoen, Dariusz"]
[Result "1/2-1/2"]
[WhiteTitle "k++"]
[BlackTitle "IM"]
[WhiteElo "2159"]
[BlackElo "2407"]

1. e4 c5 2. Nf3 d6 3. d4 cxd4 4. Nxd4 Nf6 5. Nc3 a6 6. Bg5 e6 7. f4 Nbd7 8. Qf3
Be7 9. O-O-O Qc7 10. Be2 h6 11. Bh4 Rg8 12. Bg3 b5 13. e5 Bb7 14. Qe3 dxe5 15.
fxe5 Nd5 16. Nxd5 Bxd5 17. Bf3 Bg5 18. Bf4 Qxe5 19. Bxg5 Qxg5 20. Qxg5 hxg5 21.
Bxd5 exd5 22. Rhe1+ Kf8 23. Nc6 Nf6 24. Nb4 Rh8 25. h3 g4 26. hxg4 Nxg4 27. Rxd5
Rh6 28. Rd4 Rg6 29. Nd5 Nh6 30. Re2 Re8 31. Rxe8+ Kxe8 32. Ne3 Rg3 33. Kd2 f5
34. a4 g5 35. axb5 axb5 36. Rd6 f4 37. Rxh6 Rxe3 38. Rh3 Re5 39. Rf3 Ke7 40. g3
fxg3 41. Rxg3 Kf6 42. Rf3+ Kg6 43. Re3 Rf5 44. b3 g4 45. c4 Kg5 46. Kc3 Kf4 47.
Re1 g3 48. Kb4 bxc4 49. bxc4 g2 50. c5 Kg3 51. Rg1 Rf1 52. Rxg2+ Kxg2 53. c6 Kf3
54. Kb5 Ke4 55. c7 Rc1 56. Kb6 Rxc7 57. Kxc7 Ke5 1/2-1/2

[Event "DRUZYNOWE MISTRZOSTWA POLSKI - I LIGA"]
[Site "Ustron"]
[Date "1899-12-30"]
[Round "5.5"]
[White "Boe, Mads"]
[Black "Milanowski, Jan"]
[Result "1-0"]
[WhiteTitle "FM"]
[BlackTitle "I++"]
[WhiteElo "2284"]
[BlackElo "1751"]

1. d4 c5 2. c3 cxd4 3. cxd4 Nf6 4. Nc3 g6 5. Nf3 d6 6. Bg5 Bg7 7. e3 h6 8. Bh4
g5 9. Bg3 Nh5 10. Bd3 a6 11. Rc1 Nxg3 12. hxg3 Nc6 13. Bb1 Qa5 14. a3 e6 15. Qd3
Bd7 16. O-O d5 17. Nd2 Qd8 18. Nb3 b6 19. Rfe1 Kf8 20. e4 Ne7 21. exd5 exd5 22.
Qf3 Bc8 23. Ba2 Qd6 24. Na1 g4 25. Qe2 Be6 26. Nc2 h5 27. Ne3 Bxd4 28. Rcd1 Bxe3
29. Qxe3 Rd8 30. Qd4 Rh6 31. Qd2 Rh8 32. Bb1 h4 33. gxh4 Rxh4 34. g3 Rh8 35. Qd4
Rh6 36. Ne4 Nf5 37. Qc3 Qb8 38. Ng5 Qd6 39. Nxe6+ fxe6 40. Bxf5 exf5 41. Re5 Qf6
42. Rexd5 Re8 43. Qb4+ Kg8 44. Rd6 Qh8 45. Qc4+ Kf8 46. Rxh6 Qxh6 47. Qxa6 f4
48. gxf4 Qxf4 49. Qxb6 Qf3 50. Qd6+ Kg7 51. Qd4+ Kh6 52. Qd2+ Kg7 53. Re1 Rxe1+
54. Qxe1 Kg6 55. Qe6+ Kh5 56. Qe5+ Kg6 57. Qd4 Kh5 58. a4 Qe2 59. Qd5+ Kh4 60.
b3 Qe1+ 61. Kg2 Qc3 62. a5 Qh3+ 63. Kg1 Qc3 64. Qd8+ Kh5 65. Qe8+ Kh4 66. Qe3
Qa1+ 67. Kh2 Qxa5 68. Qh6+ Qc3 1-0

[Event "DRUZYNOWE MISTRZOSTWA POLSKI - I LIGA"]
[Site "Ustron"]
[Date "1899-12-30"]
[Round "5.6"]
[White "Marcinczyk, Monika"]
[Black "Kubicka, Anna"]
[Result "1/2-1/2"]
[WhiteTitle "WCM"]
[BlackTitle "WIM"]
[WhiteElo "1934"]
[BlackElo "2264"]

1. e4 c5 2. Nf3 d6 3. d4 cxd4 4. Nxd4 Nf6 5. Nc3 a6 6. Be2 e5 7. Nb3 Be7 8. O-O
O-O 9. Be3 Be6 10. Qd2 b5 11. a4 b4 12. Nd5 Nxe4 13. Nxe7+ Qxe7 14. Qxb4 Nf6 15.
Rfd1 Nd5 16. Qd2 Nxe3 17. Qxe3 Nc6 18. Qb6 Rfc8 19. Bxa6 Rab8 20. Qe3 Rc7 21.
Rac1 Nb4 22. Bd3 f5 23. f3 g6 24. Re1 Qf7 25. Nd2 Nd5 26. Qf2 Nf4 27. Bb5 Rbc8
28. c3 Bd7 29. Qe3 Bxb5 30. axb5 Qd7 31. g3 Nh3+ 32. Kg2 f4 33. Qd3 fxg3 34. hxg3
Ng5 35. Rh1 Rc5 36. c4 Qe6 37. b4 R5c7 38. Qe3 Qf5 39. b6 Rf7 40. Ne4 Nxe4 41.
Qxe4 Qg5 42. Rc2 Rcf8 43. Rf1 h5 44. Kh2 h4 45. Rg2 hxg3+ 46. Rxg3 Rh7+ 47. Kg2
Qd2+ 48. Rf2 Qc1 49. Rh3 Rf5 50. Qa8+ Rf8 51. b7 Qg5+ 52. Rg3 Qh6 53. Kf1 Qc1+
54. Ke2 Qxc4+ 55. Ke3 Qb3+ 56. Ke2 Qc2+ 57. Ke3 Qc3+ 58. Ke2 1/2-1/2

[Event "DRUZYNOWE MISTRZOSTWA POLSKI - I LIGA"]
[Site "Ustron"]
[Date "1899-12-30"]
[Round "5.7"]
[White "Plichta, Kamil"]
[Black "Kowalski, Igor"]
[Result "1-0"]
[WhiteTitle "FM"]
[BlackTitle "FM"]
[WhiteElo "2383"]
[BlackElo "2397"]

1. Nf3 d5 2. g3 g6 3. Bg2 Bg7 4. c4 c6 5. Qa4 Nd7 6. d3 Nb6 7. Qc2 e5 8. O-O Ne7
9. e4 O-O 10. Re1 d4 11. c5 Nd7 12. Nbd2 b6 13. cxb6 axb6 14. b4 h6 15. a4 Ba6
16. Rb1 b5 17. a5 c5 18. bxc5 Qxa5 19. Bh3 Qc7 20. Nb3 Bb7 21. Bd2 f5 22. Nh4
Nf6 23. f3 fxe4 24. fxe4 Bc8 25. Bg2 Be6 26. Ra1 Kh7 27. Nf3 Nc6 28. Rec1 b4 29.
Qb2 Nd7 30. Be1 Qb7 31. Nfd2 Rxa1 32. Rxa1 Ra8 33. Nc4 Bxc4 34. dxc4 Rxa1 35.
Qxa1 Bf8 36. Bf3 Nxc5 37. Bd1 Nxe4 38. Bf3 Ng5 39. Bd5 Qd7 40. Qa4 Nb8 41. Qxd7+
Nxd7 42. h4 Nb6 43. hxg5 Nxd5 44. cxd5 hxg5 45. Kf2 g4 46. Ke2 Kg7 47. Kd3 Kf6
48. Ke4 Bd6 49. Bd2 Be7 50. Bc1 Bf8 51. Bd2 Be7 52. Nc1 Bf8 53. Nd3 b3 54. Bc1
Bd6 55. Bb2 Bc7 56. Ba3 Bb8 57. d6 Ba7 58. d7 Bb6 59. Nc5 b2 60. Bxb2 1-0

[Event "DRUZYNOWE MISTRZOSTWA POLSKI - I LIGA"]
[Site "Ustron"]
[Date "1899-12-30"]
[Round "5.8"]
[White "Chylewski, Patryk"]
[Black "Lewtak, Damian"]
[Result "1/2-1/2"]
[WhiteTitle "FM"]
[BlackTitle "IM"]
[WhiteElo "2324"]
[BlackElo "2377"]

1. d4 Nf6 2. c4 g6 3. Nc3 Bg7 4. e4 d6 5. f3 O-O 6. Nge2 c5 7. d5 a6 8. a4 e6 9.
Ng3 exd5 10. cxd5 Nbd7 11. Be2 Re8 12. O-O h5 13. Bg5 Qb6 14. Qd2 Nh7 15. Be3
f5 16. a5 Qd8 17. Rfe1 h4 18. Nf1 b5 19. axb6 Qxb6 20. exf5 gxf5 21. Bf2 Rb8 22.
Rab1 Qb4 23. Ne3 Qf4 24. g3 Qd4 25. Qc1 Qf6 26. f4 hxg3 27. hxg3 Qg6 28. Bd3 Ndf6
29. Qc2 Ne4 30. Nxf5 Bxf5 31. Nxe4 Rf8 32. Re2 Rb4 33. b3 Bd4 34. Kg2 Bxf2 35.
Nxf2 Bxd3 36. Qxd3 Qxd3 37. Nxd3 Rd4 38. Nf2 Nf6 39. Ra1 Nxd5 40. Rxa6 Rb8 41.
Nh3 Rxb3 42. Ra8+ Kg7 43. Ra7+ Kf6 44. Ng5 Ne3+ 45. Kf3 Rdd3 46. Ne4+ Kg6 47.
Nf2 1/2-1/2

[Event "DRUZYNOWE MISTRZOSTWA POLSKI - I LIGA"]
[Site "Ustron"]
[Date "1899-12-30"]
[Round "5.9"]
[White "Budrewicz, Krzysztof"]
[Black "Kokoszczynski, Jan"]
[Result "1-0"]
[WhiteTitle "m"]
[BlackTitle "FM"]
[WhiteElo "2227"]
[BlackElo "2231"]

1. d4 d5 2. c4 dxc4 3. e4 Nf6 4. e5 Nd5 5. Bxc4 Bf5 6. Nf3 e6 7. O-O Be7 8. Nc3
Nxc3 9. bxc3 O-O 10. Qe2 c5 11. Rd1 Nc6 12. dxc5 Qc7 13. Nd4 Bg6 14. Bf4 Bxc5
15. h4 Na5 16. Bd3 Bxd4 17. cxd4 Rac8 18. h5 Bxd3 19. Qxd3 Qc2 20. Qg3 Rc3 21.
Qg4 f5 22. Qg5 Nc6 23. h6 g6 24. d5 exd5 25. Rxd5 Rd3 26. Rd6 Rxd6 27. exd6 Qe2
28. Rc1 Qe6 29. Rd1 Rd8 30. a3 Rd7 31. Qg3 Kf7 32. Qc3 Qf6 33. Qc1 a5 34. g3 Qe6
35. Re1 Qb3 36. Qa1 Kg8 37. Re8+ Kf7 38. Re3 1-0

[Event "DRUZYNOWE MISTRZOSTWA POLSKI - I LIGA"]
[Site "Ustron"]
[Date "1899-12-30"]
[Round "5.10"]
[White "Praczukowski, Stanislaw"]
[Black "Reza, Wojciech"]
[Result "1/2-1/2"]
[WhiteTitle "k"]
[BlackTitle "FM"]
[WhiteElo "2173"]
[BlackElo "2273"]

1. e4 e5 2. Nf3 Nc6 3. Bb5 a6 4. Ba4 Nf6 5. O-O Be7 6. Re1 b5 7. Bb3 d6 8. c3 O-O
9. h3 Nb8 10. d4 Nbd7 11. c4 Bb7 12. Nc3 c6 13. Qc2 Re8 14. a3 Bf8 15. dxe5 Nxe5
16. Nxe5 dxe5 17. Bg5 Qe7 18. Rad1 Red8 19. cxb5 axb5 20. Rxd8 Rxd8 21. Rd1 h6
22. Be3 Rxd1+ 23. Qxd1 b4 24. axb4 Qxb4 25. Qc2 c5 26. Bd5 Nxd5 27. Nxd5 Bxd5
28. exd5 1/2-1/2

[Event "DRUZYNOWE MISTRZOSTWA POLSKI - I LIGA"]
[Site "Ustron"]
[Date "1899-12-30"]
[Round "5.11"]
[White "Renkowski, Piotr"]
[Black "Redzisz, Michal"]
[Result "1/2-1/2"]
[WhiteTitle "k+"]
[BlackTitle "k"]
[WhiteElo "2149"]
[BlackElo "2164"]

1. e4 c6 2. c4 d5 3. cxd5 cxd5 4. exd5 Nf6 5. Nc3 Nxd5 6. Nf3 Nc6 7. Bc4 Nb6 8.
Bb3 Bf5 9. d4 e6 10. O-O Be7 11. Be3 O-O 12. Ne5 Rc8 13. f4 Nd5 14. Nxd5 exd5
15. Rc1 Qd6 1/2-1/2